000 00722nam a2200217 a 4500
999 _c10194
_d10194
001 10194
003 BD-JhCC
005 20180419123740.0
008 171207s1889 bg |||| ||a| 000 0 ben d
035 _a(BD-JhCC)10194
040 _aBD-JhCC
_dBD-JhCC
041 _aben
082 _a891.4409
_bTHA 1889
100 _aঠাকুর, রবীন্দ্রনাথ
245 _aরবীন্দ্র-রচনাবলী অষ্টম খন্ড/
_cরবীন্দ্রনাথ ঠাকুর
260 _aকলিকাতা :
_bবিশ্বভারতী,
_c১৮৮৯.
300 _a545 p. :
_c24 cm.
650 _aCollection of works
942 _2ddc
_cBK